[Event "Florianopolis op 10th"]
[Site "Florianopolis"]
[Date "2024.01.22"]
[Round "3"]
[White "Martins, Joao Fernandes"]
[Black "Godinho, Bruno Cesar Ferreir"]
[Result "0-1"]
[WhiteElo "1426"]
[BlackElo "1802"]
[PlyCount "76"]
[EventDate "2024.01.20"]
[EventType "swiss"]
[EventRounds "10"]
[EventCountry "BRA"]
[SourceTitle "CB05_2024"]
[SourceDate "2024.01.31"]
[SourceVersion "1"]
[SourceVersionDate "2024.01.31"]
[SourceQuality "1"]

1. e4 c5 2. Nf3 e6 3. d4 cxd4 4. Nxd4 a6 5. Nc3 Qc7 6. Be3 Nf6 7. f3 Bb4 8. Nde2 d5 9. Qd3 0-0 10. 0-0-0 dxe4 11. Nxe4 Nxe4 12. Qxe4 Nc6 13. Nd4 f5 14. Qd3 Kh8 15. Qc4 Qe5 16. Nxc6 Qxe3+ 17. Kb1 Bc5 18. Bd3 bxc6 19. Rhe1 Qd4 20. Qb3 Qb4 21. Bc4 Qxb3 22. Bxb3 Re8 23. Ba4 Bb7 24. Rd2 Rad8 25. Rde2 Kg8 26. c3 Kf7 27. Kc1 Kf6 28. Bb3 Rd6 29. f4 Bb6 30. g3 c5 31. Bc4 a5 32. Re5 Be4 33. g4 g5 34. gxf5 Bxf5 35. fxg5+ Kxg5 36. R5e3 Bc7 37. Re5 Rdd8 38. Rxc5 Bf4+ 0-1

[Event "Pocos de Caldas op"]
[Site "Pocos de Caldas"]
[Date "2023.03.18"]
[Round "3"]
[White "Godinho, Bruno Cesar Ferreir"]
[Black "Seccafim, Caic Dos Santos"]
[Result "0-1"]
[WhiteElo "1803"]
[BlackElo "1973"]
[PlyCount "112"]
[EventDate "2023.03.17"]
[EventType "swiss"]
[EventRounds "6"]
[EventCountry "BRA"]
[SourceTitle "EXT 2024"]
[Source "ChessBase"]
[SourceDate "2023.10.10"]
[SourceVersion "1"]
[SourceVersionDate "2023.10.10"]
[SourceQuality "1"]

1. c4 Nf6 2. Nc3 g6 3. e4 d6 4. d4 Bg7 5. Nf3 0-0 6. Be2 e5 7. dxe5 dxe5 8. Qxd8 Rxd8 9. Bg5 Re8 10. Nd5 Nxd5 11. cxd5 c6 12. Bc4 Nd7 13. 0-0-0 Nb6 14. Bb3 cxd5 15. exd5 Bf5 16. Rd2 Rac8+ 17. Kd1 Nd7 18. Be3 Nc5 19. Bxc5 Rxc5 20. Nh4 Bg4+ 21. f3 Bd7 22. g4 e4 23. Re1 Bf6 24. Ng2 exf3 25. Rxe8+ Bxe8 26. Ne1 Bg5 27. Nxf3 Bxd2 28. Kxd2 Kf8 29. Ng5 a5 30. Ne4 Rb5 31. Kc3 Rb4 32. Bc2 Rb5 33. Bb3 Rb4 34. Bc2 Rb6 35. g5 a4 36. Nf6 h6 37. h4 hxg5 38. hxg5 Ke7 39. Ne4 Bd7 40. b4 Bf5 41. d6+ Ke6 42. Nc5+ Kxd6 43. Bxa4 Be6 44. a3 Ke5 45. Bb3 Kf5 46. Bc2+ Kxg5 47. Be4 Bc8 48. a4 Kf4 49. Bh1 Ke5 50. a5 Rf6 51. Kc4 b6 52. axb6 Rxb6 53. Bd5 Rxb4+ 54. Kxb4 Kxd5 55. Nd3 Ke4 56. Nc5+ Ke3 0-1

[Event "Leitao Academia Online op"]
[Site "Chess.com INT"]
[Date "2020.05.06"]
[Round "4"]
[White "Godinho, Bruno Cesar Ferreir"]
[Black "Bonillo Coll, Alex"]
[Result "1-0"]
[WhiteElo "1736"]
[BlackElo "1845"]
[PlyCount "81"]
[EventDate "2020.04.11"]
[EventType "swiss (rapid)"]
[EventRounds "6"]
[EventCountry "BRA"]
[SourceTitle "EXT 2021"]
[Source "ChessBase"]
[SourceDate "2020.10.23"]
[SourceVersion "1"]
[SourceVersionDate "2020.10.23"]
[SourceQuality "1"]

1. e4 e6 2. d4 d5 3. e5 c5 4. c3 Nc6 5. Nf3 Qb6 6. Bd3 cxd4 7. cxd4 Bd7 8. 0-0 Nxd4 9. Nbd2 Rc8 10. Nxd4 Qxd4 11. Nf3 Qb6 12. Be3 Bc5 13. Bxc5 Qxc5 14. Ng5 Qe7 15. Qg4 Nh6 16. Qh5 Nf5 17. Bxf5 exf5 18. e6 Bc6 19. exf7+ Kd7 20. Rae1 Qf6 21. Re3 g6 22. Qh6 d4 23. Re6 Qd8 24. Rd1 Bd5 25. Re5 Kd6 26. Rxf5 Qf8 27. Rf6+ Ke7 28. Qh4 Kxf6 29. Qf4+ Ke7 30. Qe5+ Kd7 31. Qxd5+ Qd6 32. Qxb7+ Rc7 33. Qb5+ Rc6 34. Qa4 d3 35. Qxa7+ Rc7 36. Qa4+ Rc6 37. Ne4 Qe5 38. Rxd3+ Kc7 39. Qa7+ Kc8 40. Qd7+ Kb8 41. Qxc6 1-0

[Event "Catanduva op"]
[Site "Catanduva"]
[Date "2020.03.15"]
[Round "5"]
[White "Godinho, Bruno Cesar Ferreir"]
[Black "Tamarozi, Isabelle"]
[Result "1/2-1/2"]
[WhiteElo "1812"]
[BlackElo "1969"]
[PlyCount "75"]
[EventDate "2020.03.13"]
[EventType "swiss"]
[EventRounds "6"]
[EventCountry "BRA"]
[SourceTitle "CBM 195 Extra"]
[Source "ChessBase"]
[SourceDate "2020.05.31"]
[SourceVersion "1"]
[SourceVersionDate "2020.05.31"]
[SourceQuality "1"]

1. d4 Nf6 2. Bg5 g6 3. Bxf6 exf6 4. e3 Bg7 5. Bd3 d6 6. Nd2 f5 7. Ngf3 0-0 8. 0-0 Nc6 9. c3 g5 10. Qc2 Qf6 11. g3 Ne7 12. e4 g4 13. Nh4 f4 14. Rae1 Qh6 15. Nf5 Bxf5 16. exf5 Qh3 17. Kh1 Rae8 18. Rg1 f3 19. Ne4 Nd5 20. a3 Qh5 21. Qb1 Kh8 22. Qc2 Nf6 23. Qd2 Qh3 24. Ng5 Qh6 25. Rxe8 Nxe8 26. Re1 Qh5 27. Bc4 Nf6 28. Bxf7 Rxf7 29. Nxf7+ Qxf7 30. Qe3 Bf8 31. Qf4 h6 32. Re6 Kh7 33. c4 c6 34. b3 b6 35. b4 a6 36. a4 Kg8 37. d5 c5 38. Qd2 1/2-1/2

[Event "Catanduva op"]
[Site "Catanduva"]
[Date "2020.03.13"]
[Round "2"]
[White "Fier, Alexandr"]
[Black "Godinho, Bruno Cesar Ferreir"]
[Result "1-0"]
[WhiteElo "2542"]
[BlackElo "1812"]
[PlyCount "43"]
[EventDate "2020.03.13"]
[EventType "swiss"]
[EventRounds "6"]
[EventCountry "BRA"]
[SourceTitle "CBM 195 Extra"]
[Source "ChessBase"]
[SourceDate "2020.05.31"]
[SourceVersion "1"]
[SourceVersionDate "2020.05.31"]
[SourceQuality "1"]

1. e4 c5 2. Nf3 e6 3. d4 cxd4 4. Nxd4 a6 5. Bd3 Bc5 6. Nb3 Be7 7. 0-0 d6 8. Qe2 Nf6 9. f4 0-0 10. Nc3 Qc7 11. Bd2 Nc6 12. Rae1 b5 13. e5 dxe5 14. fxe5 Nd7 15. Bf4 Nc5 16. Nxc5 Bxc5+ 17. Kh1 Bb7 18. Ne4 Be7 19. Nf6+ Bxf6 20. exf6 Qd7 21. Bxh7+ Kxh7 22. Qh5+ 1-0

[Event "Hebraica op 25th"]
[Site "Hebraica"]
[Date "2018.01.14"]
[Round "5"]
[White "Godinho, Bruno Cesar Ferreir"]
[Black "Brujin, Homero"]
[Result "1-0"]
[WhiteElo "1914"]
[BlackElo "1482"]
[PlyCount "163"]
[EventDate "2018.01.12"]
[EventType "swiss"]
[EventRounds "6"]
[EventCountry "BRA"]
[SourceTitle "CBM 182 Extra"]
[Source "ChessBase"]
[SourceDate "2018.02.23"]
[SourceVersion "1"]
[SourceVersionDate "2018.02.23"]
[SourceQuality "1"]

1. e4 c5 2. Nf3 d6 3. g3 Nf6 4. Nc3 Nc6 5. Bg2 e5 6. 0-0 Be7 7. d3 0-0 8. h3 Rb8 9. Nd5 Nxd5 10. exd5 Nb4 11. Nd2 b5 12. a3 Na6 13. c4 Nc7 14. a4 b4 15. Nb3 Ne8 16. a5 Ba6 17. f4 Bf6 18. Ra2 g6 19. g4 Bg7 20. f5 Rb7 21. g5 f6 22. fxg6 hxg6 23. gxf6 Rxf6 24. Qg4 Rxf1+ 25. Bxf1 Qf6 26. Bg5 Qf5 27. Qxf5 gxf5 28. h4 Bf6 29. Bxf6 Nxf6 30. Bh3 f4 31. Be6+ Kh7 32. Nd2 Rg7+ 33. Kf2 Kh6 34. Ra1 Rg3 35. Nf3 e4 36. Ng5 e3+ 37. Kf1 Kg7 38. Re1 Kg6 39. Re2 Kg7 40. Bf5 Kf8 41. Ne6+ Ke7 42. Nxf4 Rf3+ 43. Kg2 Rxf4 44. Rxe3+ Kd8 45. Bh3 Rxh4 46. Re6 Ne8 47. Re3 Ng7 48. Rg3 Nh5 49. Rg8+ Ke7 50. Ra8 Nf4+ 51. Kg3 Rxh3+ 52. Kxf4 Kf6 53. Rxa7 Bxc4 54. dxc4 Rh4+ 55. Ke3 Rxc4 56. Rd7 Ke5 57. Re7+ Kf6 58. Re6+ Kf5 59. Rxd6 Ke5 60. Rd8 Rc1 61. d6 Ra1 62. d7 Kd6 63. Rc8 Kxd7 64. Rxc5 Kd6 65. Rb5 Kc6 66. Rxb4 Rxa5 67. Kd3 Kc5 68. Rb8 Ra4 69. Kc3 Rh4 70. b4+ Kd6 71. Rc8 Rh3+ 72. Kc4 Rh4+ 73. Kb5 Rh5+ 74. Kb6 Rh7 75. b5 Rg7 76. Ka6 Kd7 77. Rc1 Rg8 78. Kb7 Kd6 79. b6 Rg4 80. Kb8 Rb4 81. b7 Rb6 82. Kc8 1-0

[Event "Hebraica op 25th"]
[Site "Hebraica"]
[Date "2018.01.13"]
[Round "3"]
[White "Godinho, Bruno Cesar Ferreir"]
[Black "Fujita, Daniela Miwa"]
[Result "1-0"]
[WhiteElo "1914"]
[BlackElo "1520"]
[PlyCount "45"]
[EventDate "2018.01.12"]
[EventType "swiss"]
[EventRounds "6"]
[EventCountry "BRA"]
[SourceTitle "CBM 182 Extra"]
[Source "ChessBase"]
[SourceDate "2018.02.23"]
[SourceVersion "1"]
[SourceVersionDate "2018.02.23"]
[SourceQuality "1"]

1. e4 e5 2. Nf3 Nc6 3. Bc4 Bc5 4. 0-0 Nf6 5. d4 Bxd4 6. Nxd4 Nxd4 7. f4 Nc6 8. Bxf7+ Kxf7 9. fxe5 Nxe5 10. Qd5+ Kf8 11. Qxe5 d6 12. Qg3 Qe7 13. Nc3 c6 14. Bf4 Kg8 15. Bxd6 Qd8 16. e5 Nd7 17. Nb5 Qb6+ 18. Kh1 Qxb5 19. e6 b6 20. Rf7 Qxb2 21. Raf1 Ba6 22. exd7 Bxf1 23. Be5 1-0

[Event "Paulista-ch Interior"]
[Site "Itapetininga"]
[Date "2012.11.04"]
[Round "6"]
[White "Tamarozi, Isabelle"]
[Black "Godinho, Bruno Cesar Ferreir"]
[Result "0-1"]
[WhiteElo "1731"]
[BlackElo "1837"]
[PlyCount "74"]
[EventDate "2012.11.02"]
[EventType "swiss"]
[EventRounds "6"]
[EventCountry "BRA"]
[SourceTitle "CBM 151 Extra"]
[Source "ChessBase"]
[SourceDate "2012.12.18"]
[SourceVersion "1"]
[SourceVersionDate "2012.12.18"]
[SourceQuality "1"]

1. e4 e6 2. d4 d5 3. Nc3 Bb4 4. e5 c5 5. Bd2 a6 6. Qg4 Ne7 7. dxc5 Nbc6 8. Qxg7 Rg8 9. Qf6 Bxc5 10. Nf3 Qc7 11. Bf4 Ng6 12. Bg3 Be7 13. 0-0-0 Bxf6 14. exf6 Qa5 15. Bd3 Bd7 16. Rhe1 0-0-0 17. Ng5 Be8 18. Nxh7 Nf8 19. Nxf8 Rxf8 20. Bf4 d4 21. Ne4 e5 22. Bg5 Kb8 23. a3 Ka8 24. Rh1 b5 25. Bh6 Rg8 26. Ng5 b4 27. Bh7 Rxg5 28. Bxg5 bxa3 29. bxa3 Qxa3+ 30. Kd2 Qc3+ 31. Ke2 Nb4 32. Bd2 Bb5+ 33. Ke1 Nxc2+ 34. Bxc2 Qxc2 35. f3 Qd3 36. Kf2 Qe2+ 37. Kg3 Rg8+ 0-1